000
00226 a2200097 4500
001
51097
100
_a
World Bank
245
_a
World Development Report
260
_a
London
_b
Oxford University Press
_c
090
_c
32357
_d
32357
942
_a
NUST-CAE
_c
M
_c
24844
999
_c
286170
_d
286170